| 000 | 01277cam a2200361 i 4500 | ||
|---|---|---|---|
| 001 | 17623792 | ||
| 003 | OSt | ||
| 005 | 20260313160856.0 | ||
| 008 | 130212s2013 ilu b 001 0 eng | ||
| 010 | _a 2013005889 | ||
| 020 |
_a9781433533389 _qTrade paperback |
||
| 020 |
_a9781433533396 _qPDF |
||
| 020 |
_a9781433533402 _qMobipocket |
||
| 020 |
_a9781433533419 _qePub |
||
| 035 | _a17623792 | ||
| 040 |
_aDLC _beng _cDLC _erda _dDLC |
||
| 042 | _apcc | ||
| 050 | 0 | 0 |
_aBV4598.5 _b.D49 2013 |
| 082 | 0 | 0 |
_a650.1/1 _223 |
| 100 | 1 | _aDeYoung, Kevin. | |
| 245 | 1 | 0 |
_aCrazy busy : _ba (mercifully) short book about a (really) big problem / _cKevin DeYoung. |
| 264 | 1 |
_aWheaton, Illinois : _bCrossway, _c[2013] |
|
| 300 |
_a124 pages ; _c21 cm |
||
| 336 |
_atext _2rdacontent |
||
| 337 |
_aunmediated _2rdamedia |
||
| 338 |
_avolume _2rdacarrier |
||
| 504 | _aIncludes bibliographical references and indexes | ||
| 650 | 0 |
_aTime management _xReligious aspects _xChristianity. |
|
| 776 | 0 | 8 |
_iOnline version: _aDeYoung, Kevin. _tCrazy busy _dWheaton : Crossway, 2013 _z9781433533396 _w(DLC) 2013010198 |
| 906 |
_a7 _bcbc _corignew _d1 _eecip _f20 _gy-gencatlg |
||
| 942 |
_2lcc _cBK |
||
| 999 |
_c21411 _d21410 |
||